[Event "Uppsala Young Champions op"]
[Site "Uppsala"]
[Date "2015.10.31"]
[Round "4"]
[White "Fossan, Andreas"]
[Black "Ljunggren, Teddie"]
[Result "1-0"]
[WhiteElo "1911"]
[BlackElo "1829"]
[PlyCount "55"]
[EventDate "2015.10.29"]
[EventType "swiss"]
[EventRounds "7"]
[EventCountry "SWE"]
[SourceTitle "CBM 169 Extra"]
[Source "ChessBase"]
[SourceDate "2015.12.18"]
[SourceVersion "1"]
[SourceVersionDate "2015.12.18"]
[SourceQuality "1"]

1. d4 Nf6 2. c4 c5 3. d5 b5 4. Qc2 bxc4 5. e4 g6 6. Bxc4 d6 7. Nc3 Bg7 8. Nf3 0-0 9. 0-0 Ba6 10. Nb5 Nbd7 11. Nxd6 exd6 12. Bxa6 Qb6 13. Bc4 Rae8 14. Re1 Ng4 15. Rb1 f5 16. h3 Nge5 17. Nxe5 Bxe5 18. Bh6 Rf7 19. exf5 Rxf5 20. Bd3 Rh5 21. Bxg6 Rxh6 22. Bxe8 Nf6 23. Bc6 Qb4 24. Rxe5 dxe5 25. d6 Qb6 26. Qb3+ Kf8 27. Qxb6 axb6 28. Rd1 1-0

[Event "Uppsala Young Champions op"]
[Site "Uppsala"]
[Date "2015.10.30"]
[Round "2"]
[White "Ljunggren, Teddie"]
[Black "Cardenas, William"]
[Result "0-1"]
[WhiteElo "1829"]
[BlackElo "1832"]
[PlyCount "70"]
[EventDate "2015.10.29"]
[EventType "swiss"]
[EventRounds "7"]
[EventCountry "SWE"]
[SourceTitle "CBM 169 Extra"]
[Source "ChessBase"]
[SourceDate "2015.12.18"]
[SourceVersion "1"]
[SourceVersionDate "2015.12.18"]
[SourceQuality "1"]

1. e4 d6 2. d4 Nf6 3. Nc3 c6 4. Nf3 Bg4 5. Be2 e6 6. Be3 Be7 7. Qd2 d5 8. exd5 cxd5 9. Bb5+ Nc6 10. Ne5 Qb6 11. f3 Bh5 12. 0-0 a6 13. Bxc6+ bxc6 14. Na4 Qb5 15. b3 Bg6 16. Nxg6 hxg6 17. Nb2 c5 18. c4 dxc4 19. bxc4 Qb8 20. g3 Qc7 21. Qf2 Rc8 22. Rfd1 Rh5 23. Na4 Qa5 24. Nxc5 Bxc5 25. dxc5 Nd7 26. Qb2 Ne5 27. Qb7 Qc7 28. Qxc7 Rxc7 29. Kg2 Nxc4 30. Bf2 Re5 31. Rac1 Ne3+ 32. Bxe3 Rxe3 33. Rd6 Re2+ 34. Kh3 Rxa2 35. Rb6 Ke7 0-1

[Event "Uppsala Young Champions op"]
[Site "Uppsala"]
[Date "2015.10.29"]
[Round "1"]
[White "Bit Narva, David"]
[Black "Ljunggren, Teddie"]
[Result "1-0"]
[WhiteElo "2036"]
[BlackElo "1829"]
[PlyCount "39"]
[EventDate "2015.10.29"]
[EventType "swiss"]
[EventRounds "7"]
[EventCountry "SWE"]
[SourceTitle "CBM 169 Extra"]
[Source "ChessBase"]
[SourceDate "2015.12.18"]
[SourceVersion "1"]
[SourceVersionDate "2015.12.18"]
[SourceQuality "1"]

1. e4 c5 2. Nf3 e6 3. c3 Nc6 4. d4 d5 5. exd5 Qxd5 6. Be2 cxd4 7. cxd4 Bb4+ 8. Nc3 Nge7 9. 0-0 Bxc3 10. bxc3 b6 11. Re1 Bb7 12. Bd3 Qd7 13. Ng5 h6 14. Qh5 g6 15. Qh3 Nf5 16. Bc4 0-0 17. Ne4 Kg7 18. g4 Na5 19. gxf5 Bxe4 20. Qxh6+ 1-0